00636nam a2200181 a 4500001000200000003000900002005001700011008004100028040002200069082003200091100002400123245005900147260004000206300002100246504007500267650006000342651005200402 DO-SdBNP20220519131211.0101013s1976 dr 000 0 spa d aBPMSUbspacBPMSU a280.4097293bL817p 19762221 aLockward, George A.13aEl protestantismo en dominicana /cGeorge A. Lockward. aSanto Domingo :c1976.bDel Caribe, a450 p. ;c25 cm. aIncluye referencias bibliográficas y notas al pie de las páginas. 4aIglesias protestanteszRepública DominicanaxHistoria 4aRepública DominicanaxHistoria Eclesiástica